| 000 | 00936nam0a22002651 4500 | ||
|---|---|---|---|
| 001 | rc\2581977 | ||
| 005 | 20260406081308.0 | ||
| 035 | _a(NLR Aleph) 006746435 | ||
| 090 |
_a5698841 _c5698841 |
||
| 100 | _a20110914d1928 |||y0rusy50 ca | ||
| 101 | 0 | _arus | |
| 102 | _aRU | ||
| 105 | _aa z ||||| | ||
| 200 | 1 |
_aЗанимательная минералогия _eС 100 рис. _fАкадемик А. Е. Ферсман |
|
| 210 |
_aЛенинград _cВремя _d[1928] _g2-я тип. Транспечати НКПС |
||
| 215 |
_a318 с., [2] с. объявл. _cил. _d20х14 см. |
||
| 300 | _aОбложка: Ю. Д. Скалдин | ||
| 700 | 1 |
_8rus _7ca _aФерсман _bА.Е. _gАлександр Евгеньевич _f1883-1945 _3RU\NLR\AUTH\7745476 _928414 |
|
| 801 | 0 |
_aRU _bNLR _gpsbo |
|
| 801 | 1 |
_aRU _bELAR _2rusmarc |
|
| 852 |
_aNLR _j46/360 |
||
| 852 |
_aNLR _jКр1/2153 |
||
| 942 | _cBOOK | ||
| 980 | _aNB | ||